00699nam a2200229Ia 4500003000900000008004100009040001300050040001300063041000800076100001900084245005900103250000900162260002000171260000900191300001100200300001000211490003400221490000600255942000700261999001700268952018400285IT-RoPAU120407s9999 xx 000 0 und d aIT-RoPAU cIT-RoPAU aita aDario Antiseri aDidattica della storia ed epistemologia contemporanea. aRoma aArmando Armando c1971 a108 p. c20 cm aProblemi della didattica, 51 v1 cBK c24250d24250 00102ddc406901_10000000000000071aPAULUSbPAULUSd2012-04-11l0o901.10r2012-04-11 00:00:00w2012-04-11yBKzInserito da: Anna In data: n.d. fondo: Via A.Severo 56 Progr:5933